Analiz odnokonturnych mechanizmov na osnovanii obąčej modeli / (Rekord nr 8055)
| 000 -ETYKIETA REKORDU | |
|---|---|
| podpole kontrolne o stałej długości | 01064nab a22002297i 4500 |
| 003 - IDENTYFIKATOR NUMERU KONTROLNEGO REKORDU | |
| podpole kontrolne | KOSZ 005 |
| 005 - DATA OSTATNIEJ MODYFIKACJI REKORDU | |
| podpole kontrolne | 20170310104854.0 |
| 008 - POLE O STAŁEJ DŁUGOŚCI - DANE KONTROLNE | |
| podpole kontrolne o stałej długości | 160308s2008 ru ||||| ||||0|| ||rus |
| 035 ## - NUMER SYSTEMOWY | |
| Numer systemowy przejętego rekordu | PBN-R:249247 |
| 040 ## - ŹRÓDŁO KATALOGOWANIA | |
| Instytucja, która utworzyła rekord | KOSZ 005/md |
| Instytucja, która sporządziła opis | PBN-ID |
| 041 0# - KOD JĘZYKA | |
| Kod języka tekstu | rus |
| 100 ## - NAZWA OSOBOWA | |
| Nazwa osobowa | BIL, Tadeusz. |
| Lata pracy | 1996 - . |
| Instytucja | Politechnika Koszalińska - Wydział Mechaniczny, |
| Wydział | Katedra Procesów i Urządzeń Przemysłu Spożywczego |
| 245 10 - TYTUŁ/ODPOWIEDZIALNOŚĆ | |
| Tytuł | Analiz odnokonturnych mechanizmov na osnovanii obąčej modeli / |
| Pozostałe elementy strefy tytułu i oznaczenia odpowiedzialności | Tadeusz Bil. |
| 260 ## - STREFA ADRESU WYDAWNICZEGO | |
| Data publikacji, dystrybucji/powstania dokumentu | 2008. |
| 650 #0 - HASŁO PRZEDMIOTOWE W FORMIE NAZWY OGÓLNEJ LUB JEDNOSTKOWEJ | |
| Nazwa ogólna lub geograficzna | Original article. |
| 650 #0 - HASŁO PRZEDMIOTOWE W FORMIE NAZWY OGÓLNEJ LUB JEDNOSTKOWEJ | |
| Nazwa ogólna lub geograficzna | Original article presents the results of original research or experiment. |
| 650 #0 - HASŁO PRZEDMIOTOWE W FORMIE NAZWY OGÓLNEJ LUB JEDNOSTKOWEJ | |
| Nazwa ogólna lub geograficzna | Oryginalny artykuł naukowy. |
| 650 #0 - HASŁO PRZEDMIOTOWE W FORMIE NAZWY OGÓLNEJ LUB JEDNOSTKOWEJ | |
| Nazwa ogólna lub geograficzna | Oryginalny artykuł naukowy przedstawia rezultaty oryginalnych badań naukowych lub eksperymentu. |
| 773 08 - TYTUŁ DOKUMENTU MACIERZYSTEGO | |
| Wyrażenie wprowadzające | W : |
| Tytuł | Teorija Mechanizmov i Mashin. - |
| ISSN | 2079-021X |
| Adres wydawniczy | Saint-Petersburg : State Polytechnic University (SPbPU), Russia. - |
| Informacje dotyczące relacji | 2008, nr 6(1), s. 55-63. |
| 856 ## - LOKALIZACJA I DOSTĘP DO ELEKTRONICZNYCH DOKUMENTÓW ZDALNYCH | |
| Link (URL) | http://tmm.spbstu.ru/11/bil.pdf |
| Uwaga przeznaczona do użytku publicznego | Link do zasobu |
| 942 ## - HASŁO DODATKOWE - ELEMENTY(KOHA) | |
| Typ dokumentu | Artykuł |
| Schemat klasyfikacji | Uniwersalna klasyfikacja dziesiętna |
Brak dostępnych egzemplarzy.
